000 00289nam a2200121Ia 4500
008 191201s2010 xx 000 0 und d
100 _aKUMAR,Rajendra
245 0 _aComputer Graphics BCA-302 SEM-5
260 _aN. Delhi
_bVikas Pub
_c2010
300 _a276
650 _aMCA
942 _2ddc
_cBK
999 _c239
_d239